Statistiques concernant Focus sur: Meneldor - Tolkien

Cliquez ici pour prendre le quiz!

Statistiques générales

  • Ce quiz a été pris 5 fois
  • Le résultat moyen est 3 sur 5

Statistiques - réponses

Informations recherchéesRéponses% Correct
Ages durant lequel il vécutTroisième (au moins)
100%
EspèceAigle
80%
Première apparitionLe Seigneur des Anneaux: Le Retour du Roi
80%
ContréeMontagnes de Brume
60%
SurnomLe {Vif}
0%

Distribution des résultats

Percentile par nombre de réponses

% des personnes avec chaque résultat

Votre développement - résultats

Vous n’avez pas pris ce quiz